01503nam a2200397 i 4500001000700000003000800007005001700015006001900032007001500051008004100066020001800107020002700125035002200152040003100174050002800205080000800233082001900241245015600260264006900416300004100485336003100526337003300557338004300590500002300633588012400656650002100780650002700801650003200828650002200860650002400882655002700906700003200933700003100965710004700996856006201043140715FlNmELB20241217181529.0m o d | cr cnu||||||||170727s2016 pe o 001 0 spa d z9786123180737 a9786123180843 (e-book) a(OCoLC)1128723548 aFINmELBbspaerdacFINmELB 4aHF5415.12.P4bM516 2016 a6580 a658.80098522300aMejores prácticas de marketing en el Perú :buna selección de casos finalistas del premio ANDA 2016 /credacción, Javier Montoya, Magda Simons. 1aLima :bUniversidad Peruana de Ciencias Aplicadas (UPC),c[2016] a1 recurso en línea (143 páginas) atextobtxt2rdacontent/spa acomputadorabc2rdamedia/spa arecurso en líneabcr2rdacarrier/spa aContiene índice. aDescripción basada en recurso en línea; Título de la página del título en PDF (e-libro, visto July 27, 2017). 0aMarketingzPeru. 4aMercadotecniazPerú. 4aComercializaciónzPerú. 0aCreative ability. 4aCapacidad creativa. 4aLibros electrónicos.1 aMontoya, Javier,eredactor.1 aSimons, Magda,eredactora.2 aUniversidad Peruana de Ciencias Aplicadas.40uhttps://elibro.net/ereader/politecnicointernacional/94698